Simposi : La Mancomunitat de Catalunya : 1914 : centenari del primer pas vers l'autogovern La Mancomunitat de Catalunya :
Descripción Física:
1 díptic ; 21 cm
Materias:
Catalunya. -- Mancomunitat -- Història
MARC
| LEADER | 00000nam a2200000Ia 4500 | ||
|---|---|---|---|
| 001 | 24522 | ||
| 008 | 160829s2014 xx 000 0 cat d | ||
| 080 | |a FU-67-18 | ||
| 100 | |a Simposi La Mancomunitat de Catalunya 1914 (1er : 2014 : Barcelona) |9 50392 | ||
| 245 | |a Simposi : |b La Mancomunitat de Catalunya : |b 1914 : |b centenari del primer pas vers l'autogovern | ||
| 260 | |a Barcelona : |b Institut d'Estudis Catalans: |b Diputació de Barcelona, |c 2014 | ||
| 300 | |a 1 díptic ; |c 21 cm | ||
| 590 | |a Inclou el programa de conferències | ||
| 610 | 0 | |a Catalunya. |b Mancomunitat |x Història |9 19438 | |
| 710 | 2 | |a Institut d'Estudis Catalans |9 52284 | |
| 710 | 1 | |a Barcelona (Catalunya : Província). |b Diputació |9 52408 | |
| 901 | |a Arxiu | ||
| 942 | |n 1 | ||
| 952 | |0 0 |1 0 |4 0 |6 FU6718 |7 1 |9 56009 |a Arxiu |b Arxiu |d 2016-12-01 |l 0 |o FU-67-18 |p 24522 |r 2016-12-01 00:00:00 |w 2016-12-01 |y ARXIU | ||
| 999 | |c 59883 |d 59883 | ||